| 000 | 01143 a2200193 4500 | ||
|---|---|---|---|
| 001 | 59333 | ||
| 005 | 20260407155847.0 | ||
| 008 | 260407a1969 arg spa d | ||
| 003 | AR-UNSa-BCEJYS | ||
| 040 |
_aAR-UNSa-BCEJYS _bspa _cAR-UNSa-BCEJYS |
||
| 080 |
_a339.5 _xComercio exterior. Comercio Internacional |
||
| 245 | 1 | 0 | _aEl pensamiento de la CEPAL |
| 264 | 1 |
_aSantiago de Chile : _bUniversitaria _c1969 |
|
| 300 |
_a298 p. _c22 cm. |
||
| 505 | _a1. El comercio exterior y el desarrollo de América Latina – 2. Industrialización y desarrollo – 3. Conceptos y experiencias sobre planificación – 4. Consideración sobre el financiamiento y la inversión extranjeros – 5. La integración económica y el desarrollo de América Latina – 6. Inflación y crecimiento en América Latina – 7. Condiciones y efectos sociales del desarrollo económico – 8. Problemas y políticas en relación con el comercio mundial – 9. Hacia una dinámica del desarrollo Latinoamericano - | ||
| 942 | _cBK | ||
| 590 | _aniveau_biblio:m niveau_hierar:0 | ||
| 100 | 1 | _aNaciones Unidas. Comisión Económica para América Latina y el Caribe (CEPAL) | |
| 999 |
_c6653 _d6653 |
||